01024nam a22002654a 450000500170000000800410001701000130005802000230007102000260009403500130012003700170013304000180015008200100016824501320017824600380031026000460034830000390039450000200043350000610045365000150051470000190052994200240054899900170057295201690058920100320115227.0060124s2005 paua 001 0 eng  aB-379400 a1856267989c895.00 a9781856267984c895.00 aB-379400 bPansy Books  adplbEnglish  a635.9 aGardeners' question time :cby Matthew Biggs ... [et al.] ; with a foreword by Roy Lancasterbtechniques & tips for gardeners / aTechniques and tips for gardeners bKyle Cathie Limited c2005aGreat Britain a320 p. :bcol. photos c29 cm(Hb)  aIncludes index. aWritten by panellists from the BBC Radio 4 programme.  aGardening. aBiggs, Matthew 2ddccENh635.9mGAR c34807d34807 00102ddc40718NFICaLbLd2010-03-22ePansy Books/986/24.2.10/177/23.2.10/24.2.10g895.00l0o635.9 GARpB-379400r2010-03-22 00:00:00t1v895.00w2010-03-22yRF